000 00350nam a22001577a 4500
020 _a9788125911425
041 _aENG
100 _aSahay,K.M
245 _aUnit operations of Aggicuktural Processing
250 _aSecond
260 _aNew Delhi
_bVikas pub
_c2019
300 _a374
650 _aAPE
700 _aSingh.K.K
856 _uAPE ( 42 )
999 _c139
_d139